Good Vibes,Good Life (Record no. 13223)

MARC details
000 -LEADER
fixed length control field 00373nam a22001697a 4500
003 - CONTROL NUMBER IDENTIFIER
control field OSt
008 - FIXED-LENGTH DATA ELEMENTS--GENERAL INFORMATION
fixed length control field 250403b |||||||| |||| 00| 0 eng d
020 ## - INTERNATIONAL STANDARD BOOK NUMBER
International Standard Book Number 9789388302111
082 ## - DEWEY DECIMAL CLASSIFICATION NUMBER
Classification number 158.1 KIG
100 ## - MAIN ENTRY--PERSONAL NAME
Personal name KING,Vex
245 ## - TITLE STATEMENT
Title Good Vibes,Good Life
250 ## - EDITION STATEMENT
Edition statement Rep
260 ## - PUBLICATION, DISTRIBUTION, ETC. (IMPRINT)
Place of publication, distribution, etc New Delhi
Name of publisher, distributor, etc Hay House
Date of publication, distribution, etc 2024
300 ## - PHYSICAL DESCRIPTION
Extent 275
650 ## - SUBJECT ADDED ENTRY--TOPICAL TERM
Topical term or geographic name as entry element General
942 ## - ADDED ENTRY ELEMENTS (KOHA)
Source of classification or shelving scheme Dewey Decimal Classification
Koha item type Text Books
Holdings
Withdrawn status Lost status Source of classification or shelving scheme Damaged status Not for loan Collection code Home library Current library Date acquired Source of acquisition Currency Cost, normal purchase price Bill Number Total Checkouts Full call number Acc. no. / Barcode Date last seen Actual Cost, discounted price Bill Date Koha item type Date last borrowed Checked out
    Dewey Decimal Classification     GENERAL PIET C-LIBRARY PIET C-LIBRARY 28/03/2025 Zaffa Books INR 599.00 ZBD0585   158.1 KIG 38932 03/04/2025 389.35 28/03/2025 Reference Books    
    Dewey Decimal Classification     GENERAL PIET C-LIBRARY PIET C-LIBRARY 16/04/2025 Zaffa Books INR 599.00 ZBD0055 1 158.1 KIG 39431 10/07/2025 389.35 16/04/2025 Text Books 28/06/2025  
    Dewey Decimal Classification     GENERAL PIET C-LIBRARY PIET C-LIBRARY 16/04/2025 Zaffa Books INR 599.00 ZBD0055 4 158.1 KIG 39432 02/02/2026 389.35 16/04/2025 Text Books 02/02/2026 21/08/2026

Design & Developed by: PIET Central Library
R70 Miles Stone Pattikalyana Samalkha Panipat 132102
mail ID :- [email protected], Phone No:- 0180-2569700 Ex.216